[Event "European Women's Chess Club Cup 2023"]
[Site "Durres, Albania"]
[Date "2023.10.02"]
[Round "2.1"]
[White "Stefanova, Antoaneta"]
[Black "Dolgova, Olga"]
[Result "1/2-1/2"]
[TimeControl "90' + 30' & 30\""]
[WhiteElo "2424"]
[BlackElo "2242"]

1. Nf3 {[%clk 01:30:56]} {[%emt 00:00:04]} d5 {[%clk 01:30:39]} {[%emt
00:00:22]} 2. g3 {[%clk 01:31:13]} {[%emt 00:00:12]} Nf6 {[%clk 01:29:36]}
{[%emt 00:01:33]} 3. Bg2 {[%clk 01:31:12]} {[%emt 00:00:31]} e6 {[%clk
01:29:17]} {[%emt 00:00:49]} 4. O-O {[%clk 01:28:53]} {[%emt 00:02:49]} Be7
{[%clk 01:29:42]} {[%emt 00:00:06]} 5. c4 {[%clk 01:25:44]} {[%emt 00:03:39]}
c6 {[%clk 01:26:58]} {[%emt 00:03:14]} 6. b3 {[%clk 01:19:53]} {[%emt
00:06:21]} O-O {[%clk 01:24:50]} {[%emt 00:02:38]} 7. Bb2 {[%clk 01:19:06]}
{[%emt 00:01:16]} Nbd7 {[%clk 01:22:58]} {[%emt 00:02:23]} 8. e3 {[%clk
01:13:52]} {[%emt 00:05:44]} b6 {[%clk 01:12:02]} {[%emt 00:11:26]} 9. cxd5
{[%clk 01:03:02]} {[%emt 00:11:20]} cxd5 {[%clk 01:08:19]} {[%emt 00:04:13]} 10.
Nd4 {[%clk 01:02:42]} {[%emt 00:00:50]} Bb7 {[%clk 01:03:55]} {[%emt 00:04:54]}
11. Qe2 {[%clk 01:00:43]} {[%emt 00:02:28]} Rc8 {[%clk 00:59:27]} {[%emt
00:04:58]} 12. Nc3 {[%clk 00:55:06]} {[%emt 00:06:07]} Nc5 {[%clk 00:56:00]}
{[%emt 00:03:56]} 13. b4 {[%clk 00:52:13]} {[%emt 00:03:25]} Nce4 {[%clk
00:52:58]} {[%emt 00:03:31]} 14. a3 {[%clk 00:46:47]} {[%emt 00:05:57]} Nxc3
{[%clk 00:47:59]} {[%emt 00:05:29]} 15. Bxc3 {[%clk 00:44:04]} {[%emt
00:03:13]} Qd7 {[%clk 00:47:09]} {[%emt 00:01:20]} 16. Rfc1 {[%clk 00:40:20]}
{[%emt 00:04:13]} Ne4 {[%clk 00:44:12]} {[%emt 00:03:27]} 17. Bb2 {[%clk
00:39:14]} {[%emt 00:01:36]} Rxc1+ {[%clk 00:38:27]} {[%emt 00:06:14]} 18. Rxc1
{[%clk 00:39:40]} {[%emt 00:00:05]} Rc8 {[%clk 00:38:47]} {[%emt 00:00:10]} 19.
Rxc8+ {[%clk 00:31:03]} {[%emt 00:09:07]} Qxc8 {[%clk 00:38:30]} {[%emt
00:00:47]} 20. d3 {[%clk 00:29:46]} {[%emt 00:01:47]} Nd6 {[%clk 00:36:07]}
{[%emt 00:02:53]} 21. Nb3 {[%clk 00:24:03]} {[%emt 00:06:14]} Qd8 {[%clk
00:20:54]} {[%emt 00:15:42]} 22. Qc2 {[%clk 00:21:35]} {[%emt 00:02:58]} Qc8
{[%clk 00:20:53]} {[%emt 00:00:31]} 23. Qd1 {[%clk 00:20:49]} {[%emt 00:01:16]}
Qd8 {[%clk 00:20:30]} {[%emt 00:00:53]} 24. Qa1 {[%clk 00:18:46]} {[%emt
00:02:33]} Bf6 {[%clk 00:17:08]} {[%emt 00:03:52]} 25. Bxf6 {[%clk 00:12:24]}
{[%emt 00:06:52]} Qxf6 {[%clk 00:17:06]} {[%emt 00:00:31]} 26. Qxf6 {[%clk
00:11:01]} {[%emt 00:01:53]} gxf6 {[%clk 00:17:32]} {[%emt 00:00:05]} 27. a4
{[%clk 00:10:09]} {[%emt 00:01:23]} Ba6 {[%clk 00:13:52]} {[%emt 00:04:09]} 28.
Bf1 {[%clk 00:07:30]} {[%emt 00:03:09]} Bc8 {[%clk 00:13:15]} {[%emt 00:01:07]}
29. Be2 {[%clk 00:04:53]} {[%emt 00:03:07]} Bd7 {[%clk 00:12:20]} {[%emt
00:01:25]} 30. b5 {[%clk 00:03:40]} {[%emt 00:01:43]} Bc8 {[%clk 00:10:33]}
{[%emt 00:02:16]} 31. Kf1 {[%clk 00:01:47]} {[%emt 00:02:24]} a6 {[%clk
00:09:48]} {[%emt 00:01:16]} 32. bxa6 {[%clk 00:01:40]} {[%emt 00:00:37]} Bxa6
{[%clk 00:10:07]} {[%emt 00:00:11]} 33. Ke1 {[%clk 00:01:32]} {[%emt 00:00:37]}
Bc8 {[%clk 00:09:16]} {[%emt 00:01:21]} 34. Bd1 {[%clk 00:01:27]} {[%emt
00:00:35]} Bd7 {[%clk 00:09:11]} {[%emt 00:00:35]} 35. a5 {[%clk 00:01:09]}
{[%emt 00:00:49]} bxa5 {[%clk 00:09:08]} {[%emt 00:00:33]} 36. Nxa5 {[%clk
00:01:37]} Kg7 {[%clk 00:08:14]} {[%emt 00:01:24]} 37. Kd2 {[%clk 00:01:55]}
{[%emt 00:00:12]} Bb5 {[%clk 00:07:33]} {[%emt 00:01:11]} 38. Kc3 {[%clk
00:02:02]} {[%emt 00:00:23]} Ba6 {[%clk 00:06:59]} {[%emt 00:01:04]} 39. Bc2
{[%clk 00:01:55]} {[%emt 00:00:37]} Nb7 {[%clk 00:03:32]} {[%emt 00:03:57]} 40.
Nc6 {[%clk 00:01:10]} {[%emt 00:01:14]} Bb5 {[%clk 00:03:15]} {[%emt 00:00:47]}
41. Nd4 {[%clk 00:29:24]} {[%emt 00:02:16]} Bd7 {[%clk 00:30:52]} {[%emt
00:02:53]} 42. Ne2 {[%clk 00:27:10]} {[%emt 00:02:43]} Kf8 {[%clk 00:23:21]}
{[%emt 00:08:02]} 43. Kb4 {[%clk 00:23:59]} {[%emt 00:03:41]} Ke7 {[%clk
00:22:52]} {[%emt 00:01:00]} 44. d4 {[%clk 00:23:38]} {[%emt 00:00:51]} f5
{[%clk 00:22:19]} {[%emt 00:01:02]} 45. Bd3 {[%clk 00:23:19]} {[%emt 00:00:49]}
Nd6 {[%clk 00:21:04]} {[%emt 00:01:45]} 46. Nf4 {[%clk 00:20:52]} {[%emt
00:02:57]} Ne4 {[%clk 00:17:21]} {[%emt 00:04:13]} 47. f3 {[%clk 00:17:06]}
{[%emt 00:04:16]} Nd6 {[%clk 00:17:19]} {[%emt 00:00:31]} 48. Ba6 {[%clk
00:14:15]} {[%emt 00:03:22]} Bc8 {[%clk 00:16:29]} {[%emt 00:01:21]} 49. Bd3
{[%clk 00:13:38]} {[%emt 00:01:06]} Bd7 {[%clk 00:16:49]} {[%emt 00:00:10]} 50.
Ne2 {[%clk 00:13:08]} {[%emt 00:01:00]} Nb7 {[%clk 00:14:22]} {[%emt 00:02:57]}
51. Ba6 {[%clk 00:12:44]} {[%emt 00:00:54]} Nd6 {[%clk 00:14:44]} {[%emt
00:00:09]} 52. Nc3 {[%clk 00:11:24]} {[%emt 00:01:49]} Bc8 {[%clk 00:14:39]}
{[%emt 00:00:36]} 53. Bd3 {[%clk 00:11:11]} {[%emt 00:00:42]} Bd7 {[%clk
00:14:55]} {[%emt 00:00:14]} 54. Kc5 {[%clk 00:09:50]} {[%emt 00:01:51]} Nb7+
{[%clk 00:14:50]} {[%emt 00:00:36]} 55. Kb6 {[%clk 00:10:15]} {[%emt 00:00:04]}
Nd6 {[%clk 00:15:12]} {[%emt 00:00:08]} 56. Ba6 {[%clk 00:09:41]} {[%emt
00:01:04]} Bc8 {[%clk 00:15:16]} {[%emt 00:00:26]} 57. Be2 {[%clk 00:09:37]}
{[%emt 00:00:33]} Bd7 {[%clk 00:15:40]} {[%emt 00:00:08]} 58. Bd3 {[%clk
00:10:02]} {[%emt 00:00:05]} Kd8 {[%clk 00:14:58]} {[%emt 00:01:11]} 59. Kc5
{[%clk 00:06:22]} {[%emt 00:04:10]} Nb7+ {[%clk 00:14:48]} {[%emt 00:00:40]} 60.
Kb4 {[%clk 00:06:21]} {[%emt 00:00:31]} Nd6 {[%clk 00:14:51]} {[%emt 00:00:27]}
61. Nb1 {[%clk 00:05:17]} {[%emt 00:01:34]} Kc7 {[%clk 00:12:53]} {[%emt
00:02:28]} 62. Nd2 {[%clk 00:04:58]} {[%emt 00:00:49]} Kb6 {[%clk 00:12:53]}
{[%emt 00:00:30]} 63. Nb3 {[%clk 00:04:17]} {[%emt 00:01:10]} Be8 {[%clk
00:08:57]} {[%emt 00:04:27]} 64. Nc5 {[%clk 00:04:22]} {[%emt 00:00:25]} Bc6
{[%clk 00:08:55]} {[%emt 00:00:32]} 65. Bf1 {[%clk 00:02:31]} {[%emt 00:02:18]}
Be8 {[%clk 00:08:53]} {[%emt 00:00:35]} 66. Be2 {[%clk 00:02:59]} {[%emt
00:00:03]} Bc6 {[%clk 00:08:51]} {[%emt 00:00:31]} 67. Bd3 {[%clk 00:03:28]}
{[%emt 00:00:01]} Be8 {[%clk 00:09:09]} {[%emt 00:00:12]} 68. Bf1 {[%clk
00:02:22]} {[%emt 00:01:36]} Bc6 {[%clk 00:09:28]} {[%emt 00:00:11]} 69. Be2
{[%clk 00:02:49]} {[%emt 00:00:03]} Be8 {[%clk 00:09:49]} {[%emt 00:00:09]}
1/2-1/2

[Event "European Women's Chess Club Cup 2023"]
[Site "Durres, Albania"]
[Date "2023.10.02"]
[Round "2.2"]
[White "Ni, Viktorija"]
[Black "Socko, Monika"]
[Result "0-1"]
[TimeControl "90' + 30' & 30\""]
[WhiteElo "2161"]
[BlackElo "2380"]

1. d4 {[%clk 01:30:57]} {[%emt 00:00:03]} Nf6 {[%clk 01:30:54]} {[%emt
00:00:06]} 2. Bg5 {[%clk 01:31:01]} {[%emt 00:00:26]} d5 {[%clk 01:29:18]}
{[%emt 00:02:04]} 3. e3 {[%clk 01:31:01]} {[%emt 00:00:31]} Nbd7 {[%clk
01:27:16]} {[%emt 00:02:33]} 4. Nf3 {[%clk 01:29:28]} {[%emt 00:02:03]} e6
{[%clk 01:27:00]} {[%emt 00:00:45]} 5. Bd3 {[%clk 01:27:45]} {[%emt 00:02:13]}
Be7 {[%clk 01:25:32]} {[%emt 00:01:58]} 6. Nbd2 {[%clk 01:25:05]} {[%emt
00:03:11]} b6 {[%clk 01:24:50]} {[%emt 00:01:12]} 7. Ne5 {[%clk 01:17:44]}
{[%emt 00:07:51]} Nxe5 {[%clk 01:21:53]} {[%emt 00:03:26]} 8. dxe5 {[%clk
01:18:09]} {[%emt 00:00:05]} Nd7 {[%clk 01:22:12]} {[%emt 00:00:11]} 9. Bf4
{[%clk 01:15:13]} {[%emt 00:03:26]} Bb7 {[%clk 01:19:21]} {[%emt 00:03:21]} 10.
c3 {[%clk 00:59:11]} {[%emt 00:16:33]} c5 {[%clk 01:12:47]} {[%emt 00:07:04]}
11. a4 {[%clk 00:55:41]} {[%emt 00:03:59]} g5 {[%clk 00:56:39]} {[%emt
00:16:38]} 12. Bg3 {[%clk 00:53:00]} {[%emt 00:03:11]} h5 {[%clk 00:55:09]}
{[%emt 00:01:59]} 13. h4 {[%clk 00:45:06]} {[%emt 00:08:25]} gxh4 {[%clk
00:47:52]} {[%emt 00:07:47]} 14. Bf4 {[%clk 00:44:50]} {[%emt 00:00:45]} Qc7
{[%clk 00:46:38]} {[%emt 00:01:44]} 15. Nf3 {[%clk 00:40:46]} {[%emt 00:04:35]}
O-O-O {[%clk 00:44:40]} {[%emt 00:02:28]} 16. a5 {[%clk 00:30:12]} {[%emt
00:11:04]} bxa5 {[%clk 00:37:29]} {[%emt 00:07:41]} 17. Qa4 {[%clk 00:21:34]}
{[%emt 00:09:07]} Rhg8 {[%clk 00:36:51]} {[%emt 00:01:08]} 18. Bf1 {[%clk
00:12:43]} {[%emt 00:09:21]} d4 {[%clk 00:29:56]} {[%emt 00:07:25]} 19. Qxa5
{[%clk 00:05:18]} {[%emt 00:07:55]} Qxa5 {[%clk 00:26:53]} {[%emt 00:03:34]} 20.
Rxa5 {[%clk 00:05:44]} {[%emt 00:00:04]} dxc3 {[%clk 00:26:46]} {[%emt
00:00:37]} 21. bxc3 {[%clk 00:05:30]} {[%emt 00:00:43]} Nb6 {[%clk 00:25:44]}
{[%emt 00:01:32]} 22. c4 {[%clk 00:05:04]} {[%emt 00:00:56]} Bxf3 {[%clk
00:21:09]} {[%emt 00:05:05]} 23. gxf3 {[%clk 00:05:21]} {[%emt 00:00:13]} Rd7
{[%clk 00:21:35]} {[%emt 00:00:03]} 24. Be2 {[%clk 00:03:40]} {[%emt 00:02:12]}
Rb7 {[%clk 00:19:49]} {[%emt 00:02:16]} 25. Kd2 {[%clk 00:00:46]} {[%emt
00:03:25]} Rg2 {[%clk 00:20:10]} {[%emt 00:00:08]} 26. Rh2 {[%clk 00:00:55]}
{[%emt 00:00:21]} Rg1 {[%clk 00:20:28]} {[%emt 00:00:12]} 27. e4 {[%clk
00:00:33]} {[%emt 00:00:53]} Nd7 {[%clk 00:18:24]} {[%emt 00:02:33]} 28. Bd1
{[%clk 00:00:32]} {[%emt 00:00:32]} Bd8 {[%clk 00:14:43]} {[%emt 00:04:10]} 29.
Ra2 {[%clk 00:00:38]} {[%emt 00:00:24]} Rb4 {[%clk 00:12:46]} {[%emt 00:02:27]}
30. Be2 {[%clk 00:00:34]} {[%emt 00:00:35]} Nb6 {[%clk 00:12:37]} {[%emt
00:00:38]} 31. Be3 {[%clk 00:00:46]} {[%emt 00:00:19]} Nd7 {[%clk 00:06:48]}
{[%emt 00:06:19]} 32. f4 {[%clk 00:00:38]} {[%emt 00:00:38]} a5 {[%clk
00:05:56]} {[%emt 00:01:21]} 33. Bxh5 {[%clk 00:00:35]} {[%emt 00:00:34]} Nb6
{[%clk 00:06:06]} {[%emt 00:00:20]} 34. Be2 {[%clk 00:00:34]} {[%emt 00:00:31]}
Nxc4+ {[%clk 00:04:30]} {[%emt 00:02:05]} 35. Bxc4 {[%clk 00:00:59]} {[%emt
00:00:05]} Rxc4 {[%clk 00:04:59]} 36. Kd3 {[%clk 00:01:22]} {[%emt 00:00:07]}
Rb4 {[%clk 00:05:26]} {[%emt 00:00:03]} 37. Bxc5 {[%clk 00:01:34]} {[%emt
00:00:17]} Rb3+ {[%clk 00:03:44]} {[%emt 00:02:13]} 38. Ke2 {[%clk 00:00:34]}
{[%emt 00:01:30]} Rgb1 {[%clk 00:03:44]} {[%emt 00:00:29]} 39. Be3 {[%clk
00:00:35]} {[%emt 00:00:30]} R1b2+ {[%clk 00:03:43]} {[%emt 00:00:31]} 40. Rxb2
{[%clk 00:00:59]} {[%emt 00:00:06]} Rxb2+ {[%clk 00:04:10]} {[%emt 00:00:03]}
41. Kd3 {[%clk 00:00:32]} {[%emt 00:00:57]} a4 {[%clk 00:03:33]} {[%emt
00:01:08]} 42. Bd4 {[%clk 00:23:47]} {[%emt 00:07:15]} Rb3+ {[%clk 00:30:19]}
{[%emt 00:03:43]} 43. Kc2 {[%clk 00:21:02]} {[%emt 00:03:15]} Rb4 {[%clk
00:28:48]} {[%emt 00:02:01]} 44. Kc3 {[%clk 00:20:48]} {[%emt 00:00:44]} Ba5
{[%clk 00:26:39]} {[%emt 00:02:39]} 45. Kd3 {[%clk 00:08:26]} {[%emt 00:12:53]}
a3 {[%clk 00:26:06]} {[%emt 00:01:03]} 46. f3 {[%clk 00:05:22]} {[%emt
00:03:33]} Rb1 {[%clk 00:09:33]} {[%emt 00:17:03]} 47. Bc5 {[%clk 00:01:03]}
{[%emt 00:04:49]} Rb2 {[%clk 00:05:11]} {[%emt 00:04:52]} 48. Rc2 {[%clk
00:00:34]} {[%emt 00:00:58]} a2 {[%clk 00:03:44]} {[%emt 00:01:58]} 0-1

[Event "European Women's Chess Club Cup 2023"]
[Site "Durres, Albania"]
[Date "2023.10.02"]
[Round "2.3"]
[White "Cyfka, Karina"]
[Black "Nilssen, Ellen Fredericia"]
[Result "1-0"]
[TimeControl "90' + 30' & 30\""]
[WhiteElo "2350"]
[BlackElo "2161"]

1. d4 {[%clk 01:30:57]} {[%emt 00:00:02]} Nf6 {[%clk 01:30:48]} {[%emt
00:00:12]} 2. c4 {[%clk 01:30:57]} {[%emt 00:00:30]} e6 {[%clk 01:31:08]}
{[%emt 00:00:08]} 3. Nc3 {[%clk 01:31:18]} {[%emt 00:00:11]} Bb4 {[%clk
01:31:22]} {[%emt 00:00:15]} 4. e3 {[%clk 01:31:29]} {[%emt 00:00:21]} O-O
{[%clk 01:30:53]} {[%emt 00:00:57]} 5. Bd3 {[%clk 01:31:34]} {[%emt 00:00:27]}
d5 {[%clk 01:30:46]} {[%emt 00:00:35]} 6. Nf3 {[%clk 01:19:01]} {[%emt
00:13:04]} c5 {[%clk 01:29:18]} {[%emt 00:01:58]} 7. O-O {[%clk 01:15:25]}
{[%emt 00:04:06]} Nc6 {[%clk 01:18:52]} {[%emt 00:10:55]} 8. a3 {[%clk
01:14:02]} {[%emt 00:01:54]} Bxc3 {[%clk 01:16:31]} {[%emt 00:02:51]} 9. bxc3
{[%clk 01:14:27]} {[%emt 00:00:05]} dxc4 {[%clk 01:16:52]} {[%emt 00:00:09]} 10.
Bxc4 {[%clk 01:14:52]} {[%emt 00:00:05]} Qc7 {[%clk 01:15:58]} {[%emt
00:01:24]} 11. Be2 {[%clk 01:12:15]} {[%emt 00:03:07]} Rd8 {[%clk 01:11:37]}
{[%emt 00:04:51]} 12. Qc2 {[%clk 01:07:18]} {[%emt 00:05:27]} e5 {[%clk
01:07:24]} {[%emt 00:04:43]} 13. Bb2 {[%clk 01:06:28]} {[%emt 00:01:20]} Bg4
{[%clk 01:00:12]} {[%emt 00:07:42]} 14. dxe5 {[%clk 01:02:15]} {[%emt
00:04:44]} Nxe5 {[%clk 00:59:03]} {[%emt 00:01:38]} 15. c4 {[%clk 00:48:53]}
{[%emt 00:13:52]} Nxf3+ {[%clk 00:50:55]} {[%emt 00:08:38]} 16. gxf3 {[%clk
00:40:38]} {[%emt 00:08:45]} Bh3 {[%clk 00:51:08]} {[%emt 00:00:16]} 17. Rfd1
{[%clk 00:40:47]} {[%emt 00:00:22]} Qe7 {[%clk 00:46:02]} {[%emt 00:05:37]} 18.
Kh1 {[%clk 00:34:52]} {[%emt 00:06:25]} Rxd1+ {[%clk 00:43:21]} {[%emt
00:03:10]} 19. Rxd1 {[%clk 00:35:13]} {[%emt 00:00:09]} Rd8 {[%clk 00:43:39]}
{[%emt 00:00:12]} 20. Rg1 {[%clk 00:34:31]} {[%emt 00:01:11]} Rd6 {[%clk
00:36:18]} {[%emt 00:07:52]} 21. Bc3 {[%clk 00:30:46]} {[%emt 00:04:15]} Ne8
{[%clk 00:32:41]} {[%emt 00:04:06]} 22. Bd3 {[%clk 00:25:56]} {[%emt 00:05:22]}
Rh6 {[%clk 00:31:19]} {[%emt 00:01:51]} 23. Qb2 {[%clk 00:24:21]} {[%emt
00:02:05]} f6 {[%clk 00:20:22]} {[%emt 00:11:27]} 24. Be4 {[%clk 00:21:26]}
{[%emt 00:03:25]} Nd6 {[%clk 00:19:01]} {[%emt 00:01:51]} 25. Bd5+ {[%clk
00:18:36]} {[%emt 00:03:20]} Be6 {[%clk 00:17:32]} {[%emt 00:01:58]} 26. Qd2
{[%clk 00:18:07]} {[%emt 00:01:00]} Nf7 {[%clk 00:13:31]} {[%emt 00:04:30]} 27.
f4 {[%clk 00:13:43]} {[%emt 00:04:55]} Bf5 {[%clk 00:12:25]} {[%emt 00:01:36]}
28. f3 {[%clk 00:13:22]} {[%emt 00:00:51]} Rg6 {[%clk 00:11:20]} {[%emt
00:01:35]} 29. Re1 {[%clk 00:08:00]} {[%emt 00:05:52]} Bh3 {[%clk 00:09:34]}
{[%emt 00:02:16]} 30. Re2 {[%clk 00:07:40]} {[%emt 00:00:50]} Qc7 {[%clk
00:06:19]} {[%emt 00:03:45]} 31. e4 {[%clk 00:06:02]} {[%emt 00:02:08]} Kf8
{[%clk 00:04:45]} {[%emt 00:02:03]} 32. e5 {[%clk 00:03:20]} {[%emt 00:03:13]}
fxe5 {[%clk 00:04:35]} {[%emt 00:00:39]} 33. fxe5 {[%clk 00:03:46]} {[%emt
00:00:05]} Qe7 {[%clk 00:02:14]} {[%emt 00:02:50]} 34. Qf4 {[%clk 00:02:23]}
{[%emt 00:01:52]} Be6 {[%clk 00:02:23]} {[%emt 00:00:21]} 35. Rd2 {[%clk
00:01:34]} {[%emt 00:01:20]} Qg5 {[%clk 00:01:39]} {[%emt 00:01:14]} 36. Qxg5
{[%clk 00:01:33]} {[%emt 00:00:31]} Nxg5 {[%clk 00:02:07]} {[%emt 00:00:02]} 37.
Bxb7 {[%clk 00:00:47]} {[%emt 00:01:16]} Bxc4 {[%clk 00:02:05]} {[%emt
00:00:32]} 38. Rd6 {[%clk 00:00:43]} {[%emt 00:00:34]} Be6 {[%clk 00:01:45]}
{[%emt 00:00:49]} 39. Bd2 {[%clk 00:00:45]} {[%emt 00:00:28]} Nf7 {[%clk
00:01:44]} {[%emt 00:00:31]} 40. Ra6 {[%clk 00:00:42]} {[%emt 00:00:33]} Bc4
{[%clk 00:00:35]} {[%emt 00:01:40]} 41. Rxa7 {[%clk 00:21:34]} {[%emt
00:09:38]} Nxe5 {[%clk 00:30:10]} {[%emt 00:00:53]} 42. Be3 {[%clk 00:21:10]}
{[%emt 00:00:56]} Nc6 {[%clk 00:25:35]} {[%emt 00:05:05]} 43. Bxc5+ {[%clk
00:20:01]} {[%emt 00:01:40]} Ke8 {[%clk 00:25:14]} {[%emt 00:00:50]} 44. Ra8+
{[%clk 00:16:44]} {[%emt 00:03:47]} Kd7 {[%clk 00:25:31]} {[%emt 00:00:12]} 45.
Bc8+ {[%clk 00:14:56]} {[%emt 00:02:18]} Kc7 {[%clk 00:25:45]} {[%emt
00:00:17]} 46. Bf2 {[%clk 00:14:16]} {[%emt 00:01:10]} Ne7 {[%clk 00:19:33]}
{[%emt 00:06:41]} 47. Bh3 {[%clk 00:12:10]} {[%emt 00:02:36]} Nc6 {[%clk
00:15:17]} {[%emt 00:04:46]} 48. Bg3+ {[%clk 00:10:39]} {[%emt 00:02:01]} Kb7
{[%clk 00:15:19]} {[%emt 00:00:28]} 49. Re8 {[%clk 00:10:31]} {[%emt 00:00:37]}
Bd5 {[%clk 00:15:09]} {[%emt 00:00:41]} 50. Kg2 {[%clk 00:08:40]} {[%emt
00:02:20]} Nd4 {[%clk 00:12:29]} {[%emt 00:03:10]} 51. Rd8 {[%clk 00:08:16]}
{[%emt 00:00:54]} Kc6 {[%clk 00:11:30]} {[%emt 00:01:30]} 52. Kf2 {[%clk
00:05:14]} {[%emt 00:03:33]} Rf6 {[%clk 00:09:09]} {[%emt 00:02:51]} 53. Bg4
{[%clk 00:01:59]} {[%emt 00:03:45]} Nxf3 {[%clk 00:07:10]} {[%emt 00:02:29]} 54.
Ke3 {[%clk 00:01:44]} {[%emt 00:00:45]} h5 {[%clk 00:06:31]} {[%emt 00:01:09]}
55. Bxh5 {[%clk 00:01:13]} {[%emt 00:01:00]} Re6+ {[%clk 00:06:50]} {[%emt
00:00:11]} 56. Kd3 {[%clk 00:01:16]} {[%emt 00:00:27]} Ne5+ {[%clk 00:06:05]}
{[%emt 00:01:15]} 57. Kc3 {[%clk 00:01:28]} {[%emt 00:00:19]} Nc4 {[%clk
00:04:50]} {[%emt 00:01:45]} 58. Rc8+ {[%clk 00:00:52]} {[%emt 00:01:06]} Kb5
{[%clk 00:03:42]} {[%emt 00:01:37]} 59. a4+ {[%clk 00:01:05]} {[%emt 00:00:17]}
Kxa4 {[%clk 00:04:03]} {[%emt 00:00:09]} 60. Rxc4+ {[%clk 00:00:48]} {[%emt
00:00:47]} Bxc4 {[%clk 00:04:29]} {[%emt 00:00:05]} 61. Kxc4 {[%clk 00:01:13]}
{[%emt 00:00:06]} Ka5 {[%clk 00:04:29]} {[%emt 00:00:29]} 62. Kd5 {[%clk
00:01:26]} {[%emt 00:00:17]} Rh6 {[%clk 00:04:23]} {[%emt 00:00:36]} 63. Be8
{[%clk 00:01:33]} {[%emt 00:00:23]} Kb6 {[%clk 00:04:29]} {[%emt 00:00:25]} 64.
h4 {[%clk 00:01:23]} {[%emt 00:00:40]} Kb7 {[%clk 00:03:17]} {[%emt 00:01:42]}
65. h5 {[%clk 00:01:14]} {[%emt 00:00:38]} Kc8 {[%clk 00:01:32]} {[%emt
00:02:15]} 66. Be5 {[%clk 00:01:22]} {[%emt 00:00:22]} Kd8 {[%clk 00:00:40]}
{[%emt 00:01:22]} 67. Bg6 {[%clk 00:01:33]} {[%emt 00:00:19]} Rh8 {[%clk
00:00:41]} {[%emt 00:00:29]} 68. Bxg7 {[%clk 00:01:49]} {[%emt 00:00:15]} Rg8
{[%clk 00:01:06]} {[%emt 00:00:05]} 69. Bf6+ {[%emt 00:01:26]} Kd7 {[%clk
00:01:25]} {[%emt 00:00:10]} 70. Ke5 {[%clk 00:00:52]} {[%emt 00:00:32]} Ra8
{[%clk 00:01:25]} {[%emt 00:00:30]} 71. h6 {[%clk 00:00:39]} {[%emt 00:00:43]}
Ra5+ {[%clk 00:01:37]} {[%emt 00:00:18]} 72. Kf4 {[%clk 00:01:03]} {[%emt
00:00:05]} Ke6 {[%clk 00:00:40]} {[%emt 00:01:28]} 73. h7 {[%clk 00:00:57]}
{[%emt 00:00:36]} Ra4+ {[%clk 00:00:33]} {[%emt 00:00:37]} 74. Be4 {[%clk
00:00:54]} {[%emt 00:00:33]} Rxe4+ {[%clk 00:00:55]} {[%emt 00:00:08]} 75. Kxe4
{[%clk 00:01:19]} {[%emt 00:00:05]} 1-0